Double input buck boost converter (Record no. 12751)
[ view plain ]
| 000 -LEADER | |
|---|---|
| fixed length control field | 00434nam a22001337a 4500 |
| 082 ## - DEWEY DECIMAL CLASSIFICATION NUMBER | |
| Classification number | BEE-5 ZAI |
| 100 ## - MAIN ENTRY--PERSONAL NAME | |
| Personal name | Zain ul Abideen Shah |
| 9 (RLIN) | 93258 |
| 245 ## - TITLE STATEMENT | |
| Title | Double input buck boost converter |
| 260 ## - PUBLICATION, DISTRIBUTION, ETC. | |
| Place of publication, distribution, etc. | Islamabad |
| Name of publisher, distributor, etc. | NUST school of electrical engineering and computer sciences |
| Date of publication, distribution, etc. | 2013 |
| 300 ## - PHYSICAL DESCRIPTION | |
| Extent | 40.p.: |
| 500 ## - GENERAL NOTE | |
| General note | Supervisor: Engr. Sikanday Hayat |
| 856 ## - ELECTRONIC LOCATION AND ACCESS | |
| Uniform Resource Identifier | <a href="http://10.250.8.41:8080/xmlui/handle/123456789/10549">http://10.250.8.41:8080/xmlui/handle/123456789/10549</a> |
| 942 ## - ADDED ENTRY ELEMENTS (KOHA) | |
| Koha item type | Project Report |
| Source of classification or shelving scheme | |
| Withdrawn status | Lost status | Source of classification or shelving scheme | Damaged status | Not for loan | Permanent Location | Current Location | Shelving location | Date acquired | Full call number | Barcode | Date last seen | Price effective from | Koha item type |
|---|---|---|---|---|---|---|---|---|---|---|---|---|---|
| WITHDRAWN | Central Library (CL) | Central Library (CL) | General Stacks | 03/09/2014 | BEE-5 ZAI | SEECSP01422 | 03/09/2014 | 03/09/2014 | Project Report |
